000 01160nam a2200373 c 4500
001 17672
003 ES-MaCES
005 20141221122509.0
008 050617s2005 xxk t 000 | eng d
020 _a1841131873 (paperback)
035 _aCES20050006398m
040 _aES-MaCES
_bspa
_cES-MaCES
100 1 _aHepple, Bob
_914618
245 1 0 _aLabour Laws and global trade
_cBob Hepple
260 _aOxford
_aPortland (USA)
_bHart
_c2005
300 _aXXIII, 302 p.
_c24 cm
500 _aÍndices
504 _aBibliografía: p. 277-294
541 _cCompra
650 4 _aglobalización económica
_930653
650 4 _acomercio internacional
_927958
650 4 _alegislación del trabajo
_927166
650 4 _anorma internacional del trabajo
_930609
650 4 _aactividad normativa de la OIT
_930712
650 4 _acláusula social
_930707
650 4 _aOMC
_930625
650 4 _aderecho del trabajo
_927165
650 4 _aderecho comunitario
_929866
650 4 _aderecho comparado
_929868
653 1 0 _aRelaciones laborales-Empleo
902 _aLIB Libro
942 _2CES
_cBK
_h2.0.
999 _c17672
_d17672